000
00219nam a22000857a 4500
008
170228b xxu||||| |||| 00| 0 eng d
100
_9
2965
_a
Wasn .V
245
_a
Financaial Statement -XII
260
_a
New Delhi
_b
S.Chand
_c
2012
999
_c
6209
_d
6209